00782pam a2200241 a 4500001000800000005001700008008004100025010001700066020003200083020003900115040001800154041000800172080001500180082001900195100000700214101000800221245005700229504006600286906004500352942001200397999001700409952011400426301395420171219081406.0940406s1994 kyua b s001 0 eng  a 94013777  a0813118905 (acidfree paper) a0813108349 (pbk. : acidfree paper) aDLCcDLCdDLC aeng a398.21 ZIP00a398.21 ZIP2201 a21 aGJL10aFairy tale as myth/myth as fairy tale /cJack Zipes. aIncludes bibliographical references (p. [175]-185) and index. a7bcbccorignewd1eocipf19gy-gencatlg 2ddccBK c39182d39182 00102udc40708PËKGa002b002cPËKGd2017-12-19l0o398.21 ZIPp002-2938913r2017-12-19w2017-12-19yBK